Welke plaatsen - Sudden Death - liggen in de provincie Noord Brabant - Statistieken

Algemene statistieken
  • Deze quiz is 22 keer genomen
  • De gemiddelde score is 9 van 17
Answers on the Grid
Answers color-coded by a green-red scale on the quiz's grid according to % correct below.
Dinteloord
Kortgene
Klundert
Steenbergen
Waspik
"s Gravenmoer
Borger
Zottegem
Eelde
Schoonebeek
"s Heerenhoek
Krabbendijke
Dongen
Zeeland
Boekel
Gemert
Valkenswaard
Leende
Bergeijk
Eersel
Bladel
Diessen
Sittard
Holwerd
Den Burg
Weert
Hilvarenbeek
Goirle
Mook
Groesbeek
 
Antwoordstatistieken
Antwoord % Correct
Bladel
67%
Dinteloord
67%
Dongen
67%
Goirle
67%
Steenbergen
67%
Eersel
58%
Gemert
58%
Klundert
58%
Bergeijk
50%
Boekel
50%
Valkenswaard
50%
Hilvarenbeek
42%
Leende
42%
"s Gravenmoer
42%
Waspik
42%
Zeeland
33%
Diessen
25%
Geen overeenkomende quizzen gevonden
Scoreverdeling
Procent van Mensen met Elke Score
Percentiel versus Aantal Correcte Antwoorden
Uw Scoregeschiedenis
U heeft deze quiz nog niet genomen